|
|
|
|
| LEADER |
00000nab a2200000 a 4500 |
| 001 |
vtls000736463 |
| 003 |
SK-MaSNL |
| 005 |
20260304112006.0 |
| 008 |
250429c2000 xo 0 slo |
| 015 |
|
|
|a SNBRB2000/11-31731
|
| 035 |
|
|
|a CLN000088330
|
| 035 |
|
|
|a urn:nbn:sk:snk-abkes
|
| 035 |
|
|
|a (urnnbn)urn:nbn:sk:snk:ar-a056l3
|
| 035 |
|
|
|a (uuid)f3f9cc7b-c744-4ad8-a629-958afb96d7e5
|
| 040 |
|
|
|a SNKBUCL
|b slo
|c SNKBUCL
|e AACR2
|
| 041 |
0 |
|
|a slo
|
| 044 |
|
|
|a xo
|c SK
|
| 080 |
|
|
|a 616-022.8-084
|2 1997
|
| 080 |
|
|
|a 616.248-084
|2 1997
|
| 100 |
1 |
|
|a Bajan, Anton,
|d 1927-2009
|4 aut
|9 117001
|
| 245 |
1 |
0 |
|a Niektoré aspekty primárnej prevencie alergických prejavov, vrátane astmy
|c Anton Bajan
|
| 300 |
|
|
|b Obr.
|
| 504 |
|
|
|a Res. angl., nem., slov.
|
| 504 |
|
|
|a Bibliogr. odkazy
|
| 650 |
0 |
7 |
|a alergia
|2 SNKPH
|9 29852
|
| 650 |
0 |
7 |
|a bronchiálna astma
|2 SNK
|9 837269
|
| 655 |
|
7 |
|a články z novín a časopisov
|2 SNK
|9 267496
|
| 773 |
0 |
|
|t Slovenský lekár
|g Roč. 10 (24), č. 9-10 (2000), s. 368-370
|x 1335-0234
|
| 850 |
|
|
|a Slovenská národná knižnica
|
| 852 |
|
|
|a Slovenská národná knižnica
|
| 954 |
|
|
|a odborná, vedecká literatúra pôvodná (slovenská)
|2 lita
|
| 958 |
|
|
|a article27
|
| 958 |
|
|
|a MI
|
| 958 |
|
|
|a NB
|
| 958 |
|
|
|a OND
|
| 958 |
|
|
|a EUIPO
|
| 992 |
|
|
|a RBX
|
| 999 |
|
|
|c 2863821
|d 2865751
|